Explorers in Eden (Record no. 125815)
[ view plain ]
| 000 -LEADER | |
|---|---|
| fixed length control field | 01888nam a2200469 a 4500 |
| 082 04 - DEWEY DECIMAL CLASSIFICATION NUMBER | |
| Classification number | 978.9/04 |
| 100 1# - MAIN ENTRY--AUTHOR NAME | |
| Personal name | Auerbach, Jerold S. |
| 245 10 - TITLE STATEMENT | |
| Title | Explorers in Eden |
| 260 ## - PUBLICATION, DISTRIBUTION, ETC. (IMPRINT) | |
| Place of publication | Albuquerque [N.M.] : |
| Name of publisher | University of New Mexico Press, |
| Year of publication | 2006. |
| 300 ## - PHYSICAL DESCRIPTION | |
| Number of Pages | 205 p. : |
| Other physical details | ill., ports. |
| 500 ## - GENERAL NOTE | |
| General note | First paperbound printing, 2008. |
| 505 0# - FORMATTED CONTENTS NOTE | |
| Formatted contents note | pt. 1. A man's world -- pt. 2. A woman's place. |
| 650 #0 - SUBJECT ADDED ENTRY--TOPICAL TERM | |
| Topical Term | Pueblo Indians |
| Topical Term | Pueblo Indians |
| Topical Term | Pueblo Indians |
| Topical Term | Indians in literature. |
| Topical Term | Indians in art. |
| Topical Term | Indians in popular culture |
| Topical Term | Public opinion |
| Topical Term | Whites |
| 856 40 - ELECTRONIC LOCATION AND ACCESS | |
| Uniform Resource Identifier | http://site.ebrary.com/lib/rucke/Doc?id=10492191 |
No items available.
